Cristóvão Colombo (Registo nº 2682)

Detalhes MARC
000 -Etiqueta do registo
Cabeçalho 00720nam a22002651 4500
005 - Identificador da versão
Campo de controlo 20240828111848.0
010 ## - Número internacional normalizado dos livros (ISBN)
Número (ISBN) 9720704225
021 ## - Número do Depósito Legal
Código do país PT
Número 96643/96
100 ## - Dados gerais de processamento
Dados gerais de processamento 19980607d1995 da y0pory5003 ba
101 0# - Língua de publicação
Língua do texto, banda sonora, etc. Português
102 ## - Pais de publicação ou produção
País de publicação Portugal
105 ## - Campo de dados codificados: livros
Dados codificados dos livros a z 001yb
106 ## - Campo de dados codificados: material textual
Dados codificados do material textual r
200 1# - Titulo e menção de responsabilidade
Título próprio Cristóvão Colombo
Primeira menção de responsabilidade A. do Carmo Reis
Outras menções de responsabilidade il. Martinho Dias
205 ## - Menção da edição
Menção da edição [1ª ed.]
210 ## - Publicação, Distribuição, etc. 
Lugar da edição, distribuição, etc. Porto
Nome do editor, distribuidor, etc. Porto Editora
Data da publicação, distribuição, etc. imp. 1995
215 ## - Descrição física 
Indicação específica da natureza do documento e extensão da espécie 26, [4] p.
Outras indicações físicas il.
Dimensões 27 cm
225 2# - Colecção 
Título próprio da colecção Os maiores navegadores do mundo
606 ## - Nome comum usado como assunto
Número de registo de entrada de autoridade 0000564
Palavra de ordem Biografias
675 ## - Classificação Decimal Universal (CDU)
Notação 92"1806/1815"
Edição
Língua da edição por
700 #1 - Nome de autor-pessoa física (responsabilidade principal)
Número de registo de entrada de autoridade 0001561
Palavra de ordem Reis
Outra parte do nome não tomada para palavra de ordem António do Carmo
Datas 1942-
702 #1 - Nome de autor-pessoa física (responsabilidade secundária)
Número de registo de entrada de autoridade 0000104
Palavra de ordem Dias
Outra parte do nome não tomada para palavra de ordem Martinho
Código de função Ilustrador / Técnico de desenho computorizado
942 ## - Elementos de entrada adicionados (Koha)
Tipo de item no Koha Livro
Exemplares
Situação do levantamento Origin of item (home branch) (coded) Biblioteca de empréstimo Código de barras Cota Circulation type (not for loan) Tipo de documento Nota do exemplar Damaged status
  Biblioteca Escolar da Coca Maravilhas Biblioteca Escolar da Coca Maravilhas BECM3811/98 9BIO REI   Livro Sem mensagem